| 000 | 01045nac a22003137a 4500 | ||
|---|---|---|---|
| 001 | BR6600344 | ||
| 003 | BR-BrBNA | ||
| 005 | 20240105113312.0 | ||
| 008 | 230509b bl.|||m| |||| 00| 0 por d | ||
| 040 |
_aBR-BrBNA _bpor _cBiblioteca Nacional de Agricultura |
||
| 072 | _aF00; L36 | ||
| 090 | _a3850 BR6600344 | ||
| 100 | 1 | _aPrestes, P.J. | |
| 100 | 1 | _aLopez, J. | |
| 100 | 1 | _aQuadros, A.T.F. de | |
| 100 | 1 | _aLarsen, H.J. | |
| 110 | 1 |
_aSecretaria da Agricultura, Porto Alegre, RS (Brasil). Depto. da Producao Animal _98481 |
|
| 245 | 1 | _aEfeito dos fertilizantes na composicao quimica do cornichao [Lotus corniculatus] | |
| 260 | 3 |
_aPorto Alegre, RS (Brasil): _c1966. |
|
| 300 | _a10 p. | ||
| 490 |
_aBoletim Tecnico - Secretaria da Agricultura. Depto. da Producao Animal (Brazil) _vno. 4 _x |
||
| 500 | _aSummaries (En, Pt); 17 ref. | ||
| 650 | _aFERTILIZANTE | ||
| 650 | _aPRODUCAO VEGETAL | ||
| 650 | _aCORNICHAO | ||
| 650 | _aANALISE QUIMICA | ||
| 909 |
_a202312 _bLúcia Elande _c55 _dLúcia Elande |
||
| 942 |
_2AGRIS _n0 _cMS |
||
| 999 |
_c262974 _d262974 |
||